书目信息 |
| 题名: |
电视艺术回望与观察
|
|
| 作者: | 周建新 著 | |
| 分册: | ||
| 出版信息: | 北京 中国传媒大学出版社 2024.08 |
|
| 页数: | 255页 | |
| 开本: | 24cm | |
| 丛书名: | 中传学者文库 | |
| 单 册: | ||
| 中图分类: | G229.2-53 | |
| 科图分类: | ||
| 主题词: | 电视文化--文化研究--中国--文集 | |
| 电子资源: | ||
| ISBN: | 978-7-5657-3739-8 | |
| 000 | 01003oam2 2200265 450 | |
| 001 | 01004108 | |
| 005 | 20251023093224.92 | |
| 010 | @a978-7-5657-3739-8@dCNY84.00 | |
| 100 | @a20240929d2024 em y0chiy0120 ea | |
| 101 | 0 | @achi |
| 102 | @aCN@b110000 | |
| 105 | @ay z 000yy | |
| 106 | @ar | |
| 200 | 1 | @a电视艺术回望与观察@9dian shi yi shu hui wang yu guan cha@e周建新自选集@f周建新著 |
| 210 | @a北京@c中国传媒大学出版社@d2024.08 | |
| 215 | @a255页@d24cm | |
| 225 | 1 | @a中传学者文库 |
| 330 | @a本书以构建中国自主的电视艺术知识体系为方向,立足中国特色的电视艺术实践,综合运用宏观与微观、普遍与特殊、历史与现实、理论与实践相结合的研究方法,对中国电视艺术的生态建设、历史发展、理论创新、专业教育等方面的问题做了阐释。 | |
| 461 | 0 | @12001 @a中传学者文库 |
| 517 | 1 | @a周建新自选集@9zhou jian xin zi xuan ji |
| 606 | 0 | @a电视文化@x文化研究@y中国@j文集 |
| 690 | @aG229.2-53@v5 | |
| 701 | 0 | @a周建新@9zhou jian xin@4著 |
| 801 | 0 | @aCN@c20250911 |
| 905 | @a河南城建学院图书馆@dG229.2@eZ777@ZZ777@f1 | |
| 电视艺术回望与观察:周建新自选集/周建新著.-北京:中国传媒大学出版社,2024.08 |
| 255页;24cm.-(中传学者文库) |
| ISBN 978-7-5657-3739-8:CNY84.00 |
| 本书以构建中国自主的电视艺术知识体系为方向,立足中国特色的电视艺术实践,综合运用宏观与微观、普遍与特殊、历史与现实、理论与实践相结合的研究方法,对中国电视艺术的生态建设、历史发展、理论创新、专业教育等方面的问题做了阐释。 |
| ● |
| 相关链接 |
|
|
|
正题名:电视艺术回望与观察
索取号:G229.2/Z777
 
预约/预借
| 序号 | 登录号 | 条形码 | 馆藏地/架位号 | 状态 | 备注 |
| 1 | 1636532 | 216365323 | 社科库409/409社科库 58排3列4层/ [索取号:G229.2/Z777] | 在馆 |